Místo organizační architektury v sadě organizačních disciplin
Vymedzenie pojmu organizácia. Štyri organizačné komponenty: ľudia, práca, informácie a technológia a tri základné formálne systémy: produkcie (produktov a služieb), hodnotových a informačných tokov, vrátane obehu dokumentov). Systematické usporiadanie organizačných disciplín: 1. disciplíny teoretick...
Gespeichert in:
| 1. Verfasser: | |
|---|---|
| Format: | Buchkapitel |
| Sprache: | Tschechisch |
| Schlagworte: | |
| Tags: |
Keine Tags, Fügen Sie das erste Tag hinzu!
|
MARC
| LEADER | 00000naa a2200000 4500 | ||
|---|---|---|---|
| 001 | r000459 | ||
| 005 | 20220824124618.1 | ||
| 041 | 0 | |a cze | |
| 044 | |a CZ | ||
| 245 | 1 | 0 | |a Místo organizační architektury v sadě organizačních disciplin |c L. Mudra |
| 520 | |a Vymedzenie pojmu organizácia. Štyri organizačné komponenty: ľudia, práca, informácie a technológia a tri základné formálne systémy: produkcie (produktov a služieb), hodnotových a informačných tokov, vrátane obehu dokumentov). Systematické usporiadanie organizačných disciplín: 1. disciplíny teoretické - organizačné správanie, organizačná teória, 2. disciplíny aplikované - systémy podnikového riadenia, organizačná architektúra a personalistika. | ||
| 610 | 2 | 0 | |a organizácia |
| 610 | 2 | 0 | |a pojmy |
| 610 | 2 | 0 | |a organizácia podniku |
| 610 | 2 | 0 | |a zdroje ľudské |
| 610 | 2 | 0 | |a práca |
| 610 | 2 | 0 | |a informácie |
| 610 | 2 | 0 | |a technológia |
| 610 | 2 | 0 | |a produkcia |
| 610 | 2 | 0 | |a tok informácií |
| 610 | 2 | 0 | |a správanie |
| 610 | 2 | 0 | |a teória organizácie |
| 610 | 2 | 0 | |a riadenie podnikové |
| 610 | 2 | 0 | |a organizácia podniku |
| 610 | 2 | 0 | |a personalistika |
| 610 | 2 | 0 | |a kapitál |
| 610 | 2 | 0 | |a prostriedky podnikové |
| 610 | 2 | 0 | |a systémy riadenia |
| 100 | 1 | |a Mudra, L. | |